| 000 | 00510nam a2200193Ia 4500 | ||
|---|---|---|---|
| 008 | 131103s9999 xx 000 0 und d | ||
| 020 |
_a81 7108 407 9 _cRs.28.00 |
||
| 040 | _aLoreto College | ||
| 041 | _aEnglish | ||
| 082 |
_a370.1/VAL _bLCLIB/42074 |
||
| 100 | _aVally, Cyriac | ||
| 245 |
_aMy values _cCyriac Vally |
||
| 260 |
_aMumbai _bBetter yourself books _c1999 |
||
| 300 |
_a84p. _b ill. _c 21cm. |
||
| 440 | _aA valu education | ||
| 650 | _aEducation | ||
| 850 | _aLCLIB/370.1/VAL | ||
| 942 | _cBK | ||
| 999 |
_c23506 _d73985 |
||